ISOTOPES : Principles and applications
Gardado en:
| Autor Principal: | |
|---|---|
| Formato: | Libro |
| Idioma: | Undetermined |
| Publicado: |
New Jersey
John Wiley & Sons
2005
|
| Những chủ đề: | |
| Các nhãn: |
Engadir etiqueta
Sen Etiquetas, Sexa o primeiro en etiquetar este rexistro!
|
| Thư viện lưu trữ: | Trung tâm Học liệu Trường Đại học Cần Thơ |
|---|
| LEADER | 00534nam a2200205Ia 4500 | ||
|---|---|---|---|
| 001 | CTU_94707 | ||
| 008 | 210402s9999 xx 000 0 und d | ||
| 020 | |c 121.20 | ||
| 082 | |a 551.9 | ||
| 082 | |b F265 | ||
| 100 | |a Faure, Martin | ||
| 245 | 0 | |a ISOTOPES : | |
| 245 | 0 | |b Principles and applications | |
| 245 | 0 | |c Martin Faure, Teresa M. Mensing | |
| 260 | |a New Jersey | ||
| 260 | |b John Wiley & Sons | ||
| 260 | |c 2005 | ||
| 650 | |a Isotope geology | ||
| 904 | |i Truc | ||
| 980 | |a Trung tâm Học liệu Trường Đại học Cần Thơ | ||